000 00978nam a2200289 i 4500
005 20220316235842.0
007 ta
008 200421s1995 sp ao gr 000 0 spa d
020 _a8480550740
040 _aCO-BoRNBP
_bspa
_erda
_cCO-BoRNBP
041 0 _aspa
043 _as-ck---
082 0 4 _aR 520.0223
_bA74a
_223
245 1 0 _aAtlas de astronomía
_bdescubrir el universo
250 _aPrimera edición
264 1 _aMadrid, España
_bCultural de Ediciones, S.A.
_c1995
300 _a112 páginas
_bilustraciones, tablas y fotografías a color
_c23 cm
_dCD-ROM
336 _atexto
_btxt
_2rdacontent
337 _asin mediación
_bn
_2rdamedia
338 _avolumen
_bnc
_2rdacarrier
500 _aMaterial bibliográfico recopilado en la estrategia de tutores de la RNBP
521 _aRecomendado para una audiencia mayor a 7 años
650 1 7 _aAstronomía
_vAtlas
_2ARMARC
650 1 7 _aAtlas astronómicos
_2ARMARC
650 1 7 _aGalaxias
_2ARMARC
942 _2ddc
_cREF
999 _c2386
_d2386